Annotated list of Indian crop pests: Proceedings of the 3rd entomological meeting. (Record no. 36045)

MARC details
000 -LEADER
fixed length control field 00371nam a2200121Ia 4500
082 ## - DEWEY DECIMAL CLASSIFICATION NUMBER
Classification number 632.6/.7(540)
Item number FLE
100 ## - MAIN ENTRY--AUTHOR NAME
Personal name FLETCHER, Bainbrigge
245 #0 - TITLE STATEMENT
Title Annotated list of Indian crop pests: Proceedings of the 3rd entomological meeting.
260 ## - PUBLICATION, DISTRIBUTION, ETC. (IMPRINT)
Place of publication Delhi
Name of publisher Periodical expert
Year of publication 1980
650 ## - SUBJECT ADDED ENTRY--TOPICAL TERM
Topical Term Crop pest
942 ## - ADDED ENTRY ELEMENTS (KOHA)
Koha item type Books
Holdings
Withdrawn status Lost status Damaged status Not for loan Home library Current library Date acquired Full call number Accession Number Koha item type
        RRII Library RRII Library 16/12/2021 632.6/.7(540) FLE 16461 Books